[Event "Cappelle-la-Grande 2014"]
[Site "Cappelle-la-Grande (FRA)"]
[Date "????.??.??"]
[Round "5.50"]
[White "Chu, Wei Chao"]
[Black "Milchev, Nikolay"]
[Result "1-0"]
[WhiteElo "2288"]
[BlackElo "2469"]
[PlyCount "81"]

1. d4 Nf6 2. c4 g6 3. Nc3 Bg7 4. e4 d6 5. Nf3 O-O 6. Be2 c5 7. d5 b5 8. cxb5 a6
9. O-O axb5 10. Bxb5 Ba6 11. Re1 Bxb5 12. Nxb5 Qa5 13. a4 Ng4 14. Bd2 Qb6 15.
Bc3 Bxc3 16. bxc3 Nd7 17. Nd2 Nge5 18. Qe2 f5 19. f4 c4+ 20. Nd4 fxe4 21. fxe5
dxe5 22. Qxe4 Rf4 23. Qe3 exd4 24. Qxf4 dxc3+ 25. Kh1 cxd2 26. Qxd2 Qc5 27. a5
Nf6 28. Qe2 Nxd5 29. Qe6+ Kh8 30. Qe5+ Kg8 31. a6 Qc6 32. a7 c3 33. Ra5 e6 34.
Qxe6+ Qxe6 35. Rxe6 Nb4 36. Rb6 c2 37. Rb8+ Kf7 38. Ra1 Rxa7 39. Rxa7+ Ke6 40.
Rc8 Kd5 41. Rac7 1-0

[Event "Cappelle-la-Grande 2014"]
[Site "Cappelle-la-Grande (FRA)"]
[Date "????.??.??"]
[Round "5.51"]
[White "Gajek, Radoslaw"]
[Black "Dumitrache, Dragos-Nicolae"]
[Result "0-1"]
[WhiteElo "2270"]
[BlackElo "2453"]
[PlyCount "112"]

1. e4 d6 2. d4 Nf6 3. Nc3 e5 4. Nf3 Nbd7 5. Bc4 Be7 6. O-O O-O 7. a4 a5 8. Re1
c6 9. Ba2 Qb6 10. h3 exd4 11. Nxd4 Nc5 12. Qf3 Be6 13. Nf5 Bxf5 14. Qxf5 Rae8
15. Rb1 Qb4 16. Bd2 Nxa4 17. e5 dxe5 18. Ne4 Qb5 19. Ng5 Bd6 20. Re4 Nb6 21. b4
axb4 22. Rh4 e4 23. Qxb5 cxb5 24. Bxb4 Bxb4 25. Rxb4 Na4 26. Nxf7 Rxf7 27. Rxb5
Ree7 28. Ra5 Nb6 29. Rf4 h6 30. Rff5 Kh7 31. Bxf7 Rxf7 32. Rfb5 Nc8 33. c4 b6
34. Ra4 Rc7 35. Kf1 Rc6 36. Ke2 Nd6 37. Rbb4 Nd7 38. Ke3 Nc5 39. Ra7 Nf5+ 40.
Kd2 Nd3 41. Rb1 Ne5 42. Ra6 Nxc4+ 43. Ke1 Nh4 44. g3 Nf3+ 45. Ke2 Nd4+ 46. Ke1
Rc5 47. Rd1 Nf3+ 48. Ke2 Rb5 49. Ra2 Rb3 50. Rd7 Nce5 51. Rb7 Kg6 52. Ra6 Nd4+
53. Kd1 Nc4 54. Kc1 Rb2 55. Raa7 Rc2+ 56. Kb1 Nd2+ 0-1

[Event "Cappelle-la-Grande 2014"]
[Site "Cappelle-la-Grande (FRA)"]
[Date "????.??.??"]
[Round "6.13"]
[White "Miezis, Normunds"]
[Black "Chabanon, Jean-Luc"]
[Result "1-0"]
[WhiteElo "2548"]
[BlackElo "2479"]
[PlyCount "137"]

1. c4 g6 2. Nc3 Bg7 3. g3 d6 4. Bg2 e5 5. d3 Nc6 6. e4 Nge7 7. Nge2 O-O 8. O-O
f5 9. Rb1 Be6 10. Nd5 Qd7 11. b4 Rae8 12. b5 Nd8 13. Bg5 Nc8 14. exf5 Bxf5 15.
Nec3 c6 16. bxc6 bxc6 17. Nb4 a5 18. Nc2 Ne6 19. Be3 Nd4 20. Bxd4 exd4 21. Ne4
d5 22. cxd5 cxd5 23. Nc5 Qc6 24. Nb3 Qc3 25. Bxd5+ Kh8 26. Nc1 Nd6 27. Bg2 Rc8
28. Ne1 Rb8 29. Rxb8 Rxb8 30. Nf3 Nb5 31. Qe2 Qc7 32. Re1 Nc3 33. Qd2 Qd7 34.
Ne5 Qc7 35. Qf4 Rc8 36. Qxd4 Ne2+ 37. Nxe2 Qxe5 38. Qxe5 Bxe5 39. Be4 Bd7 40.
d4 Bf6 41. Rb1 Re8 42. f3 Bf5 43. Kf2 Bxe4 44. fxe4 Rxe4 45. Rb8+ Kg7 46. Rb7+
Kh6 47. Kf3 Re8 48. Ra7 Rf8 49. Ke4 Re8+ 50. Kd3 Bg5 51. h4 Be3 52. g4 Bf2 53.
g5+ Kh5 54. Nf4+ Kxh4 55. Rxh7+ Kg4 56. Nxg6 Re3+ 57. Kc4 Kxg5 58. Ne5 Ra3 59.
Rg7+ Kh5 60. d5 Rxa2 61. d6 Ra4+ 62. Kd5 Kh6 63. Rg4 Ra1 64. d7 Rd1+ 65. Kc6
Kh5 66. Rg8 Rc1+ 67. Kb7 Rb1+ 68. Ka8 Bb6 69. Rh8+ 1-0

[Event "Cappelle-la-Grande 2014"]
[Site "Cappelle-la-Grande (FRA)"]
[Date "????.??.??"]
[Round "6.14"]
[White "Martynov, Pavel"]
[Black "Arizmendi Martinez, Julen Luis"]
[Result "1-0"]
[WhiteElo "2352"]
[BlackElo "2547"]
[PlyCount "141"]

1. Nf3 d5 2. d4 Nf6 3. c4 e6 4. Nc3 Be7 5. Bg5 h6 6. Bh4 O-O 7. e3 b6 8. Be2
Bb7 9. Bxf6 Bxf6 10. cxd5 exd5 11. b4 c6 12. O-O Re8 13. Rc1 Nd7 14. Qb3 a5 15.
b5 c5 16. Nxd5 Bxd4 17. Bc4 a4 18. Qd3 Ne5 19. Nxe5 Bxe5 20. Rcd1 Qd6 21. g3
Rad8 22. Qc2 a3 23. Qb3 Bb2 24. Rd3 Bxd5 25. Rxd5 Qe7 26. Rfd1 Rxd5 27. Rxd5
Bf6 28. Qxa3 Rd8 29. Rxd8+ Qxd8 30. Qa7 Be7 31. Qb7 Kf8 32. Kg2 Qd6 33. h4 g6
34. Bd5 Qf6 35. Qc8+ Bd8 36. a4 Qd6 37. Bc4 h5 38. Qb7 Qe7 39. Qf3 Bc7 40. Qd5
Kg7 41. e4 Be5 42. f4 Bc3 43. e5 Ba5 44. Kf3 Kf8 45. Qd6 Qxd6 46. exd6 f5 47.
d7 Ke7 48. Bf7 Kxd7 49. Bxg6 Ke6 50. Bxh5 c4 51. Kf2 Bc3 52. Bd1 Bd4+ 53. Kf3
Kf6 54. Bc2 Bc5 55. h5 Bf8 56. a5 bxa5 57. b6 Bc5 58. b7 Bd6 59. Ke3 Bc5+ 60.
Kd2 Bb4+ 61. Kc1 Bd6 62. Kb2 Kg7 63. Bxf5 Kh6 64. Bg6 a4 65. Bf7 a3+ 66. Ka2 c3
67. Kb3 Kg7 68. Bg6 Kh6 69. Bc2 Bb8 70. Kxa3 Kxh5 71. g4+ 1-0

[Event "Cappelle-la-Grande 2014"]
[Site "Cappelle-la-Grande (FRA)"]
[Date "????.??.??"]
[Round "6.15"]
[White "Malakhatko, Vadim"]
[Black "Kohlweyer, Bernd"]
[Result "1-0"]
[WhiteElo "2547"]
[BlackElo "2416"]
[PlyCount "79"]

1. d4 Nf6 2. c4 e6 3. Nc3 Bb4 4. Qc2 O-O 5. a3 Bxc3+ 6. Qxc3 b6 7. Bg5 Bb7 8.
Nf3 d6 9. Nd2 Nbd7 10. f3 c5 11. e4 cxd4 12. Qxd4 Qe7 13. Be2 e5 14. Qc3 Rfc8
15. O-O h6 16. Bh4 g5 17. Bf2 d5 18. exd5 Nxd5 19. Qc2 Nf4 20. Rfe1 Nxe2+ 21.
Rxe2 Qe6 22. b3 Rf8 23. Rae1 Rae8 24. Ne4 f5 25. Nc3 Bc6 26. Rd2 Rf6 27. Nd5
Bxd5 28. Rxd5 Re7 29. Bd4 Qf7 30. Bb2 Rfe6 31. Qc3 Kh7 32. h3 Kg6 33. b4 h5 34.
c5 bxc5 35. bxc5 Qf6 36. Qb4 Qh8 37. c6 Nb6 38. Rc5 Qe8 39. c7 Qc8 40. Rexe5
1-0

[Event "Cappelle-la-Grande 2014"]
[Site "Cappelle-la-Grande (FRA)"]
[Date "????.??.??"]
[Round "6.16"]
[White "Haub, Thorsten Michael"]
[Black "Ding, Liren"]
[Result "0-1"]
[WhiteElo "2449"]
[BlackElo "2717"]
[PlyCount "70"]

1. Nf3 d5 2. g3 c6 3. Bg2 Bg4 4. d3 Nd7 5. O-O e6 6. Qe1 Bc5 7. h3 Bh5 8. e4
Ne7 9. b4 Bb6 10. Bb2 O-O 11. Nbd2 Re8 12. Nb3 f6 13. exd5 exd5 14. Qd2 a5 15.
bxa5 Bxa5 16. Nxa5 Qxa5 17. Qxa5 Rxa5 18. Rfb1 Ra4 19. Bc3 Bxf3 20. Bxf3 b5 21.
Bb4 Kf7 22. a3 Rea8 23. c4 c5 24. cxd5 cxb4 25. d6 R8a7 26. dxe7 Rxa3 27. Re1
Ne5 28. e8=Q+ Kxe8 29. Rab1 Kf8 30. Be4 f5 31. d4 Nc4 32. Bc6 b3 33. Bxb5 Nd2
34. Re8+ Kf7 35. Rb2 Ra2 0-1

[Event "Cappelle-la-Grande 2014"]
[Site "Cappelle-la-Grande (FRA)"]
[Date "????.??.??"]
[Round "6.17"]
[White "Santiago, Yago De Moura"]
[Black "Iturrizaga, Eduardo"]
[Result "1/2-1/2"]
[WhiteElo "2446"]
[BlackElo "2645"]
[PlyCount "43"]

1. e4 c5 2. Nf3 e6 3. d4 cxd4 4. Nxd4 Nc6 5. Nc3 Qc7 6. Be3 a6 7. Qd2 Nf6 8. f4
Bb4 9. Bd3 Nxd4 10. Bxd4 d6 11. e5 dxe5 12. Bxe5 Bd6 13. Bxd6 Qxd6 14. O-O-O
Qc7 15. g4 Nxg4 16. Rhg1 f5 17. Bxf5 Nf6 18. Rde1 O-O 19. Bxe6+ Bxe6 20. Rxe6
Rad8 21. Qe3 Rde8 22. Re5 1/2-1/2

[Event "Cappelle-la-Grande 2014"]
[Site "Cappelle-la-Grande (FRA)"]
[Date "????.??.??"]
[Round "6.18"]
[White "Negi, Parimarjan"]
[Black "Roser, Kevin"]
[Result "1-0"]
[WhiteElo "2638"]
[BlackElo "2422"]
[PlyCount "127"]

1. e4 c5 2. Nf3 Nc6 3. Nc3 e6 4. d4 cxd4 5. Nxd4 Qc7 6. Be3 Nf6 7. f4 Nxd4 8.
Qxd4 b6 9. Be2 Bc5 10. Qd3 Ba6 11. Qxa6 Bxe3 12. g3 e5 13. Qd3 exf4 14. Nb5 Qe5
15. Nd6+ Ke7 16. Nf5+ Kf8 17. Nxe3 fxe3 18. O-O-O Re8 19. Bf3 g6 20. Qxe3 Kg7
21. Qd4 Re6 22. Qxe5 Rxe5 23. Rd4 Rhe8 24. Rhd1 h5 25. Ra4 a5 26. Rd6 R8e6 27.
Rxe6 Rxe6 28. Kd2 g5 29. Rd4 g4 30. Bg2 Kf8 31. a4 Ke7 32. Ke3 Re5 33. Kf4 d6
34. h3 gxh3 35. Bxh3 Rc5 36. c3 Nd7 37. Bf1 Ne5 38. Rd2 Ng6+ 39. Kf3 Ne5+ 40.
Ke3 Ng4+ 41. Kf4 Nf6 42. Bb5 Ke6 43. Rd4 Ng4 44. Be2 Nf6 45. Rc4 Re5 46. Bf1
Rc5 47. Rxc5 bxc5 48. Bc4+ d5 49. exd5+ Nxd5+ 50. Kg5 Ke5 51. Kxh5 Ne3 52. Bxf7
Nd1 53. g4 Kf6 54. Bb3 Nxb2 55. Kh6 c4 56. Bc2 Nd3 57. g5+ Kf7 58. Kh7 Ne5 59.
g6+ Ke7 60. g7 Ng4 61. g8=Q Nf6+ 62. Kg7 Nxg8 63. Kxg8 Kf6 64. Bd1 1-0

[Event "Cappelle-la-Grande 2014"]
[Site "Cappelle-la-Grande (FRA)"]
[Date "????.??.??"]
[Round "6.19"]
[White "Sumets, Andrey"]
[Black "Velten, Paul"]
[Result "1-0"]
[WhiteElo "2628"]
[BlackElo "2429"]
[PlyCount "85"]

1. d4 d5 2. c4 dxc4 3. e3 Nf6 4. Bxc4 a6 5. Nf3 e6 6. O-O Nbd7 7. Qe2 c5 8. a4
b6 9. e4 Bb7 10. e5 Nd5 11. Nc3 Nxc3 12. bxc3 Be7 13. Rd1 O-O 14. d5 exd5 15.
Bxd5 Bxd5 16. Rxd5 Qc8 17. Bg5 Bxg5 18. Nxg5 h6 19. Ne4 Qc7 20. f4 Rfd8 21.
Rad1 Nf8 22. Nd6 Ne6 23. Qg4 Qe7 24. h4 Qf8 25. f5 Nc7 26. R5d3 Ne8 27. Nxf7
Rxd3 28. Nxh6+ Kh8 29. Rxd3 gxh6 30. Rd7 Nf6 31. exf6 Qxf6 32. Qf4 Re8 33. Rd6
Re4 34. Qxh6+ Qxh6 35. Rxh6+ Kg7 36. Rxb6 Rxa4 37. h5 a5 38. Rg6+ Kf7 39. g4
Rc4 40. h6 Rxc3 41. Kg2 Rc2+ 42. Kg3 Rc3+ 43. Kf4 1-0

[Event "Cappelle-la-Grande 2014"]
[Site "Cappelle-la-Grande (FRA)"]
[Date "????.??.??"]
[Round "6.20"]
[White "Danin, Alexandre"]
[Black "Sergeev, Vladimir"]
[Result "1-0"]
[WhiteElo "2606"]
[BlackElo "2439"]
[PlyCount "137"]

1. e4 Nf6 2. e5 Nd5 3. d4 c6 4. Nf3 d6 5. Be2 Bg4 6. O-O Bxf3 7. Bxf3 dxe5 8.
dxe5 e6 9. b3 Nd7 10. Qe2 Qc7 11. Bb2 Nf4 12. Qe4 Ng6 13. Re1 Rd8 14. Bh5 Be7
15. Bxg6 hxg6 16. Nd2 Nc5 17. Qe3 O-O 18. Nf3 Rd5 19. g3 Ra8 20. Kg2 a5 21. Bd4
b6 22. h4 Rdd8 23. Rh1 Nd7 24. h5 c5 25. Bc3 Qc6 26. h6 Bf8 27. h7+ Kh8 28. Qf4
f5 29. Qg5 c4 30. bxc4 Nc5 31. Qxg6 Na4 32. Be1 Nb2 33. Rh4 Rac8 34. Rb1 Na4
35. Rb3 Be7 36. Rf4 Nc5 37. Rb1 Rb8 38. g4 Rbc8 39. gxf5 exf5 40. Qxc6 Rxc6 41.
Rxf5 Kxh7 42. Rf4 Ne6 43. Rg4 Kg8 44. Bd2 Rdc8 45. Be3 Rxc4 46. Rxc4 Rxc4 47.
Rxb6 Kf7 48. Rb2 a4 49. Nd2 Rc7 50. c4 Kg6 51. f4 Kf5 52. Kf3 g5 53. fxg5 Nxg5+
54. Ke2 Ne6 55. Rb5 Rd7 56. Nf3 Ke4 57. Ra5 a3 58. Ra6 Nf4+ 59. Bxf4 Kxf4 60.
e6 Rb7 61. Nd4 Ke4 62. Nb5 Rb8 63. Ra7 Bc5 64. Rh7 Bb4 65. Rh3 Kf5 66. Rb3 Rh8
67. Rxb4 Rh2+ 68. Kd3 Kxe6 69. Nc3 1-0

[Event "Cappelle-la-Grande 2014"]
[Site "Cappelle-la-Grande (FRA)"]
[Date "????.??.??"]
[Round "6.21"]
[White "Azarov, Sergei"]
[Black "Vassallo Barroche, Mauricio"]
[Result "1-0"]
[WhiteElo "2603"]
[BlackElo "2398"]
[PlyCount "55"]

1. e4 d6 2. d4 g6 3. Nc3 Bg7 4. Be3 Nf6 5. Nf3 c6 6. Qd2 Qa5 7. Bd3 Nbd7 8. O-O
e5 9. h3 O-O 10. Rad1 Re8 11. Rfe1 Qc7 12. a4 b6 13. Bc4 Bb7 14. Bb3 Re7 15.
Bg5 exd4 16. Qxd4 Ne8 17. Qd2 Bf6 18. Bxf6 Ndxf6 19. Qh6 Bc8 20. Ng5 Be6 21.
Re3 Bxb3 22. cxb3 d5 23. exd5 Rxe3 24. fxe3 cxd5 25. Nxd5 Qe5 26. e4 Rc8 27. b4
Nxd5 28. Qxh7+ 1-0

[Event "Cappelle-la-Grande 2014"]
[Site "Cappelle-la-Grande (FRA)"]
[Date "????.??.??"]
[Round "6.22"]
[White "Monroy, Charles"]
[Black "Kravtsiv, Martyn"]
[Result "1/2-1/2"]
[WhiteElo "2431"]
[BlackElo "2601"]
[PlyCount "48"]

1. Nf3 Nf6 2. c4 e6 3. g3 d5 4. Bg2 Be7 5. O-O O-O 6. d4 dxc4 7. Qc2 a6 8. a4
Bd7 9. Rd1 Bc6 10. Nc3 Bxf3 11. Bxf3 Nc6 12. Bxc6 bxc6 13. Bg5 a5 14. Bxf6 Bxf6
15. e3 Rb8 16. Rac1 Rb4 17. Rd2 Qb8 18. Na2 Rb6 19. Qxc4 Rxb2 20. Rxb2 Qxb2 21.
Rc2 Qb1+ 22. Rc1 Qb2 23. Rc2 Qb1+ 24. Rc1 Qb2 1/2-1/2

[Event "Cappelle-la-Grande 2014"]
[Site "Cappelle-la-Grande (FRA)"]
[Date "????.??.??"]
[Round "6.23"]
[White "Lazarev, Vladimir"]
[Black "Petkov, Vladimir"]
[Result "1-0"]
[WhiteElo "2422"]
[BlackElo "2566"]
[PlyCount "111"]

1. d4 Nf6 2. c4 e6 3. Nc3 Bb4 4. Qc2 b6 5. a3 Bxc3+ 6. Qxc3 Bb7 7. f3 d5 8. Bg5
dxc4 9. Qxc4 O-O 10. Nh3 Ba6 11. Qa4 h6 12. Bh4 Qd7 13. Qxd7 Nbxd7 14. e4 Bxf1
15. Rxf1 Rfc8 16. O-O-O c5 17. dxc5 Nxc5 18. Kb1 a5 19. Bxf6 gxf6 20. Nf4 b5
21. Nd3 Nb3 22. Nc1 Nc5 23. Nd3 Na4 24. Rc1 Rcb8 25. b3 Nb6 26. Rc5 a4 27. Rxb5
axb3 28. Rc1 Na4 29. Rxb8+ Rxb8 30. Rc4 Rd8 31. Nc1 Ra8 32. Nxb3 Kg7 33. Ka2
Nb6 34. Rc2 h5 35. Nc5 Kg6 36. Kb3 Rb8 37. Kc3 Rc8 38. Kb4 Nd7 39. a4 Ne5 40.
Rc3 Rb8+ 41. Ka3 h4 42. a5 f5 43. Nd3 Kf6 44. Nxe5 Kxe5 45. exf5 Kxf5 46. Rc4
h3 47. gxh3 e5 48. a6 Ke6 49. a7 Ra8 50. Ra4 f5 51. Kb3 Kd6 52. Kc3 Kc6 53. Kd3
Kb5 54. Ra1 Kb6 55. h4 Kb7 56. Ke3 1-0

[Event "Cappelle-la-Grande 2014"]
[Site "Cappelle-la-Grande (FRA)"]
[Date "????.??.??"]
[Round "6.24"]
[White "Kanmazalp, Ogulcan"]
[Black "Popovic, Dusan"]
[Result "1-0"]
[WhiteElo "2416"]
[BlackElo "2553"]
[PlyCount "101"]

1. e4 d6 2. d4 Nf6 3. Nc3 e5 4. Nf3 Nbd7 5. Bc4 Be7 6. O-O Nb6 7. Be2 exd4 8.
Qxd4 O-O 9. a4 a5 10. b3 Nfd7 11. Be3 Bf6 12. Qd2 Re8 13. Nd4 Nc5 14. Bf3 h6
15. Rad1 Bd7 16. Rfe1 Bg5 17. g3 Bh3 18. Bh1 Nbd7 19. f4 Be7 20. Ndb5 Bf8 21.
Qf2 Qb8 22. Bf3 c6 23. Na3 f5 24. exf5 Bxf5 25. Nc4 Qc7 26. g4 Be4 27. Bxc5
Bxf3 28. Bxd6 Bxd6 29. Rxe8+ Rxe8 30. Nxd6 Bxd1 31. Nxe8 Qd8 32. Nxd1 Qxe8 33.
h3 Nf6 34. Nc3 Qe7 35. Kg2 b5 36. Qe2 Qd6 37. axb5 cxb5 38. Nxb5 Qc6+ 39. Kh2
Nd5 40. Nd4 Qc5 41. Qe8+ Kh7 42. Qe4+ Kh8 43. Qe8+ Kh7 44. Qe5 Qc3 45. Qxd5
Qd2+ 46. Kg3 Qe1+ 47. Kg2 Qd2+ 48. Kf3 Qd1+ 49. Ke4 Qe1+ 50. Kd3 Qf1+ 51. Kc3
1-0

[Event "Cappelle-la-Grande 2014"]
[Site "Cappelle-la-Grande (FRA)"]
[Date "????.??.??"]
[Round "6.25"]
[White "Roeder, Matthias"]
[Black "Szabo, Gergely-Andras-Gyul"]
[Result "0-1"]
[WhiteElo "2416"]
[BlackElo "2551"]
[PlyCount "62"]

1. Nf3 c5 2. c4 Nc6 3. d4 cxd4 4. Nxd4 Nf6 5. Nc3 e6 6. a3 Bc5 7. Nb3 Be7 8. e4
O-O 9. Be2 b6 10. O-O Bb7 11. Bf4 d6 12. Re1 Qc8 13. Rc1 Rd8 14. Nd5 Nxe4 15.
Bg4 Nc5 16. Nxe7+ Nxe7 17. Nd4 Nc6 18. Rc3 Nxd4 19. Qxd4 e5 20. Bxc8 exd4 21.
Bxb7 dxc3 22. Bxa8 Nd3 23. Rd1 Nxf4 24. Bf3 cxb2 25. Rb1 d5 26. Rxb2 dxc4 27.
h4 g6 28. a4 c3 29. Rc2 Rc8 30. Bb7 Rc7 31. Ba6 Nd5 0-1

[Event "Cappelle-la-Grande 2014"]
[Site "Cappelle-la-Grande (FRA)"]
[Date "????.??.??"]
[Round "6.26"]
[White "Yagupov, Igor"]
[Black "Maze, Sebastien"]
[Result "1-0"]
[WhiteElo "2393"]
[BlackElo "2545"]
[PlyCount "107"]

1. e4 c5 2. Nf3 Nc6 3. Nc3 g6 4. d4 cxd4 5. Nxd4 Bg7 6. Be3 Nf6 7. Bc4 Qa5 8.
O-O O-O 9. Bb3 d6 10. h3 Bd7 11. Re1 Rac8 12. Qe2 Nxd4 13. Bxd4 e6 14. Rad1 Bc6
15. Qf3 Ne8 16. Qe3 Bxd4 17. Rxd4 Qc5 18. Na4 Qa5 19. Nc3 Qc5 20. Na4 Bxa4 21.
Rxa4 a6 22. Qf4 Rc6 23. e5 Kg7 24. Rae4 dxe5 25. Rxe5 Qe7 26. c3 Nf6 27. Rd1
Rd8 28. Ree1 Rcd6 29. Qe5 Kg8 30. Rxd6 Rxd6 31. Rd1 Ne8 32. Rd4 Rxd4 33. Qxd4
Nd6 34. Qe5 Qd8 35. Qd4 Qc7 36. Bd1 Nf5 37. Qa7 Nd6 38. Bf3 e5 39. Bd5 Kg7 40.
Qe3 f6 41. Qa7 f5 42. Qa8 Qe7 43. c4 b5 44. Qxa6 bxc4 45. Qc6 e4 46. Bxc4 e3
47. Bd3 f4 48. Qc3+ Kh6 49. Qd4 exf2+ 50. Kxf2 Qh4+ 51. Kf1 Nf7 52. Bc4 Ng5 53.
Qf2 Qh5 54. Qxf4 1-0

[Event "Cappelle-la-Grande 2014"]
[Site "Cappelle-la-Grande (FRA)"]
[Date "????.??.??"]
[Round "6.27"]
[White "Timoshenko, Georgy"]
[Black "Chu, Wei Chao"]
[Result "1/2-1/2"]
[WhiteElo "2531"]
[BlackElo "2288"]
[PlyCount "95"]

1. d4 Nf6 2. c4 c5 3. d5 e6 4. Nc3 exd5 5. cxd5 d6 6. Nf3 g6 7. Bf4 a6 8. a4
Qe7 9. e3 Bg7 10. h3 O-O 11. Be2 Nbd7 12. O-O Ne8 13. Nd2 Rb8 14. Nc4 Ne5 15.
Nb6 Nc7 16. Qd2 Nd7 17. Nc4 Ne5 18. Na3 Bd7 19. a5 b5 20. axb6 Rxb6 21. Bg3
Rfb8 22. Ra2 f5 23. f4 Nf7 24. Nc4 Rb4 25. Re1 Qe8 26. Kh2 Nb5 27. Rxa6 Rxb2
28. Qxb2 Bxc3 29. Qa2 Nc7 30. Ra7 Nb5 31. Rc1 Nxa7 32. Rxc3 Nc8 33. Bf3 Nb6 34.
Nxb6 Rxb6 35. Ra3 Rb4 36. Be1 Ra4 37. Rxa4 Bxa4 38. Qa3 Qb5 39. Bc3 Qd3 40. Qc1
Bb3 41. Qa1 Bxd5 42. Bxd5 Qxd5 43. Qa7 Kf8 44. Qb8+ Ke7 45. Qc7+ Kf8 46. Qc8+
Ke7 47. Qc7+ Kf8 48. Qc8+ 1/2-1/2

[Event "Cappelle-la-Grande 2014"]
[Site "Cappelle-la-Grande (FRA)"]
[Date "????.??.??"]
[Round "6.28"]
[White "Migot, Tangi"]
[Black "Hovhanisian, Mher"]
[Result "1-0"]
[WhiteElo "2379"]
[BlackElo "2526"]
[PlyCount "88"]

1. e4 e6 2. d4 d5 3. Nc3 Nf6 4. e5 Nfd7 5. f4 c5 6. Nf3 Nc6 7. Be3 Be7 8. Be2
O-O 9. O-O b6 10. Qe1 Bb7 11. Rd1 f5 12. exf6 Nxf6 13. Kh1 c4 14. a3 a6 15. Qg3
b5 16. Qh3 Qd6 17. Ng5 Nd8 18. Bg4 Bc8 19. Nxd5 Qxd5 20. Bf3 h6 21. Bxd5 exd5
22. Qh4 Ne4 23. Qh5 Nf6 24. Qg6 a5 25. Nf3 Nh7 26. Rde1 Ra6 27. Qh5 Bf5 28. Nh4
Bxh4 29. Qxh4 Rg6 30. Bd2 Nc6 31. h3 Nf6 32. g4 Nxg4 33. hxg4 Rxg4 34. Qh5 Nxd4
35. Bc3 Ne6 36. Be5 Rf7 37. Rg1 Nxf4 38. Bxf4 Rxf4 39. Re8+ Rf8 40. Rxf8+ Kxf8
41. Re1 Be4+ 42. Kg1 Kg8 43. Rf1 g6 44. Qe5 Rg4+ 1-0

[Event "Cappelle-la-Grande 2014"]
[Site "Cappelle-la-Grande (FRA)"]
[Date "????.??.??"]
[Round "6.29"]
[White "Rombaldoni, Axel"]
[Black "Kryvoruchko, Vita"]
[Result "1-0"]
[WhiteElo "2518"]
[BlackElo "2201"]
[PlyCount "109"]

1. e4 e5 2. Nf3 Nc6 3. Bb5 a6 4. Ba4 Nf6 5. O-O b5 6. Bb3 Bb7 7. Re1 Bc5 8. c3
d6 9. d3 O-O 10. Bg5 h6 11. Bh4 Re8 12. Nbd2 Nb8 13. Nf1 Nbd7 14. Ne3 Bb6 15.
Qd2 Nc5 16. Bc2 Ne6 17. Nf5 Kh7 18. d4 Nf4 19. Bb3 g5 20. Bxg5 Nxe4 21. Qxf4
Nxg5 22. Nxg5+ Qxg5 23. Qxg5 hxg5 24. dxe5 Rxe5 25. Rxe5 dxe5 26. Rd1 Be4 27.
Ng3 Bg6 28. Rd7 Kg7 29. Bd5 Rh8 30. h3 Rh4 31. Kf1 Rf4 32. f3 b4 33. Ke2 bxc3
34. bxc3 Ra4 35. Bb3 Rf4 36. Bd5 Ba5 37. Be4 Rf6 38. Kd3 Re6 39. c4 Rb6 40.
Bxg6 Kxg6 41. Rd5 Be1 42. Nf1 f6 43. Ne3 Rb2 44. Nc2 Bb4 45. g4 c6 46. Rd7 Rb1
47. Rc7 c5 48. Ne3 f5 49. gxf5+ Kf6 50. Rc6+ Kf7 51. Rxa6 Rh1 52. a3 Be1 53.
Ng4 Rxh3 54. Nxe5+ Kf8 55. f6 1-0

[Event "Cappelle-la-Grande 2014"]
[Site "Cappelle-la-Grande (FRA)"]
[Date "????.??.??"]
[Round "6.30"]
[White "Lagarde, Maxime"]
[Black "Senders, Mischa"]
[Result "1-0"]
[WhiteElo "2514"]
[BlackElo "2110"]
[PlyCount "71"]

1. e4 c5 2. Nf3 d6 3. d4 cxd4 4. Nxd4 Nf6 5. Nc3 a6 6. Be3 Nbd7 7. g4 h6 8. h4
Ne5 9. f3 d5 10. Bf4 Ng6 11. Bg3 e5 12. Nf5 d4 13. h5 Ne7 14. Ne2 Nxf5 15. gxf5
Qb6 16. c3 dxc3 17. Nxc3 Bc5 18. Qb3 Qxb3 19. axb3 Nd7 20. Nd5 O-O 21. Rc1 b5
22. Bf2 Bxf2+ 23. Kxf2 Kh8 24. Rc7 Rb8 25. Bd3 Nb6 26. Nxb6 Rxb6 27. Rhc1 Bb7
28. Re7 Rd6 29. Ke3 Rfd8 30. Be2 R6d7 31. Rc7 Rxe7 32. Rxe7 Bc6 33. Rxf7 Rd4
34. Re7 Rb4 35. Bd1 a5 36. Rxe5 1-0

[Event "Cappelle-la-Grande 2014"]
[Site "Cappelle-la-Grande (FRA)"]
[Date "????.??.??"]
[Round "6.31"]
[White "Stojanovic, Dalibor"]
[Black "Dumas, Victor"]
[Result "1-0"]
[WhiteElo "2501"]
[BlackElo "2077"]
[PlyCount "99"]

1. e4 e5 2. Bc4 Nf6 3. d3 Nc6 4. Nf3 Be7 5. O-O O-O 6. Re1 d6 7. c3 Na5 8. Bb5
a6 9. Ba4 b5 10. Bc2 c5 11. Nbd2 Nc6 12. Nf1 Re8 13. Bg5 Nd7 14. Bxe7 Qxe7 15.
Ne3 Nf6 16. a4 Rb8 17. axb5 axb5 18. d4 exd4 19. cxd4 Qc7 20. dxc5 dxc5 21. Nd5
Nxd5 22. exd5 Ne5 23. d6 Nxf3+ 24. Qxf3 Qd7 25. Rxe8+ Qxe8 26. Qh5 g6 27. Qxc5
Be6 28. Bd3 b4 29. Qd4 Qc6 30. Be4 Qb6 31. Qe5 Rd8 32. Rd1 Qa6 33. h4 Qe2 34.
Qd4 Qg4 35. Bc6 Qxd4 36. Rxd4 Kg7 37. f4 Kf6 38. Kf2 h6 39. d7 b3 40. Ke3 g5
41. fxg5+ hxg5 42. h5 Bf5 43. Ba4 Be6 44. g3 Ke7 45. Bc6 Bf5 46. Rd2 f6 47. h6
Bh7 48. Kd4 Kd6 49. Bb5 Kc7 50. Kc3 1-0

[Event "Cappelle-la-Grande 2014"]
[Site "Cappelle-la-Grande (FRA)"]
[Date "????.??.??"]
[Round "6.32"]
[White "Andreev, Eduard"]
[Black "Coimbra, Margarida"]
[Result "1-0"]
[WhiteElo "2499"]
[BlackElo "2072"]
[PlyCount "61"]

1. e4 e5 2. Nf3 Nc6 3. d4 exd4 4. Nxd4 Bc5 5. Nxc6 Qf6 6. Qf3 bxc6 7. Nd2 d6 8.
Nb3 Bb6 9. Bd2 Qxf3 10. gxf3 Ne7 11. a4 a5 12. Be3 Bxe3 13. fxe3 O-O 14. Rg1
Ng6 15. f4 c5 16. O-O-O Be6 17. Nxc5 dxc5 18. f5 Bc8 19. fxg6 hxg6 20. Rg5 Bb7
21. Rxc5 Bxe4 22. Rxc7 Rac8 23. Rdd7 Bc6 24. Rxc8 Rxc8 25. Rd4 Re8 26. Bb5 Bxb5
27. axb5 Rxe3 28. b6 Re7 29. c4 Rb7 30. c5 Kf8 31. Rc4 1-0

[Event "Cappelle-la-Grande 2014"]
[Site "Cappelle-la-Grande (FRA)"]
[Date "????.??.??"]
[Round "6.33"]
[White "Kienitz, Andre"]
[Black "Hasangatin, Ramil"]
[Result "0-1"]
[WhiteElo "2152"]
[BlackElo "2494"]
[PlyCount "66"]

1. Nf3 b5 2. e4 Bb7 3. Bxb5 Bxe4 4. O-O Nf6 5. d4 e6 6. c4 Be7 7. Nc3 Bf5 8.
Re1 O-O 9. a3 a5 10. Ba4 Qc8 11. Bc2 Bxc2 12. Qxc2 Qb7 13. Bg5 h6 14. Bf4 d6
15. Rad1 Nbd7 16. Bc1 Rfe8 17. Ne4 Nxe4 18. Rxe4 Nf6 19. Re3 a4 20. Rde1 Bf8
21. h3 c6 22. Nh2 g6 23. Ng4 Bg7 24. Qd3 h5 25. Nxf6+ Bxf6 26. Rf3 Bg7 27. g4
hxg4 28. hxg4 c5 29. Rh3 cxd4 30. Re4 e5 31. g5 d5 32. cxd5 Rac8 33. Qd1 Qxd5
0-1

[Event "Cappelle-la-Grande 2014"]
[Site "Cappelle-la-Grande (FRA)"]
[Date "????.??.??"]
[Round "6.34"]
[White "Lalic, Bogdan"]
[Black "Kobayashi, Atsuhiko"]
[Result "1-0"]
[WhiteElo "2491"]
[BlackElo "2033"]
[PlyCount "47"]

1. d4 f5 2. Bg5 g6 3. Nc3 d5 4. Qd2 Bg7 5. f3 c6 6. O-O-O Nd7 7. e4 Ndf6 8.
exf5 Bxf5 9. Nge2 Qa5 10. g4 Bd7 11. Kb1 O-O-O 12. Nc1 Re8 13. Bf4 h5 14. g5
Nh7 15. Nb3 Qd8 16. Nxd5 e5 17. dxe5 cxd5 18. Qc3+ Bc6 19. Bh3+ Kb8 20. e6+ Ka8
21. Qxg7 Ne7 22. Nd4 Rhg8 23. Qe5 Qb6 24. Be3 1-0

[Event "Cappelle-la-Grande 2014"]
[Site "Cappelle-la-Grande (FRA)"]
[Date "????.??.??"]
[Round "6.35"]
[White "Gao, Rui"]
[Black "Inouss, Badr"]
[Result "1-0"]
[WhiteElo "2468"]
[BlackElo "1954"]
[PlyCount "49"]

1. e4 c5 2. Nf3 d6 3. d4 cxd4 4. Nxd4 Nf6 5. Nc3 a6 6. Bg5 e6 7. f4 Be7 8. Qf3
h6 9. Bh4 g5 10. fxg5 Nfd7 11. Qh5 Ne5 12. Bf2 Bxg5 13. h4 Bf6 14. O-O-O Qc7
15. Be2 Nbc6 16. Nf5 Be7 17. Nxe7 Kxe7 18. Rd2 Na5 19. Rhd1 Nac4 20. Rxd6 f6
21. Bxc4 Nxc4 22. Bc5 Nxd6 23. e5 Qc6 24. Bxd6+ Kd8 25. Qf7 1-0

[Event "Cappelle-la-Grande 2014"]
[Site "Cappelle-la-Grande (FRA)"]
[Date "????.??.??"]
[Round "6.36"]
[White "Tomme, Lowie"]
[Black "Barbosa, Evandro Amorim"]
[Result "0-1"]
[WhiteElo "1810"]
[BlackElo "2459"]
[PlyCount "64"]

1. Nf3 c5 2. c4 Nc6 3. g3 g6 4. Bg2 Bg7 5. Nc3 d6 6. d3 Qd7 7. Bd2 b6 8. O-O
Nh6 9. Qc1 Nf5 10. e4 Nfd4 11. Nxd4 Nxd4 12. Bh6 O-O 13. Bxg7 Kxg7 14. Qd2 Rb8
15. Ne2 Nxe2+ 16. Qxe2 b5 17. b3 Bb7 18. Rfe1 Kg8 19. Rad1 e5 20. Rf1 a5 21. f4
f6 22. f5 Bc6 23. Qc2 a4 24. Ra1 Kg7 25. Bh3 Rb7 26. Kg2 g5 27. Bg4 Rfb8 28.
Bf3 Qf7 29. g4 Ra7 30. Rfb1 Qc7 31. Qc3 Qb6 32. Bd1 Qc7 0-1